Integrated science

Zapisane w:
Opis bibliograficzny
1. autor: Tillery, Bill W.
Format: Książka
Język:Undetermined
Wydane: Boston McGraw Hill 2001
Hasła przedmiotowe:
Etykiety: Dodaj etykietę
Nie ma etykietki, Dołącz pierwszą etykiete!
Thư viện lưu trữ: Trung tâm Học liệu Trường Đại học Cần Thơ
LEADER 00492nam a2200181Ia 4500
001 CTU_109607
008 210402s9999 xx 000 0 und d
082 |a 500 
082 |b T575 
100 |a Tillery, Bill W. 
245 0 |a Integrated science 
245 0 |c Bill W. Tillery, Eldon D. Enger, Frederick C. Ross 
260 |a Boston 
260 |b McGraw Hill 
260 |c 2001 
650 |a Science 
904 |i Tuyến, Q. Hieu 
980 |a Trung tâm Học liệu Trường Đại học Cần Thơ